000 00589nam a2200193Ia 4500
003 GCL
008 140319s9999 xx 000 0 ara d
040 _aGCL /
_cGCL
082 0 4 _a813.01
_bم ا
100 1 _aمحمد سالم
245 1 0 _aابرياء ولصوص /
_cمحمد سالم
260 _a[S.N] :
_bالهيئة المصرية العامة للكتاب ،
_c1994
300 _a523 ص
490 _aمؤلفات محمد سالم
_v0
650 0 4 _aالادب العربى
650 0 4 _aالادب
650 0 4 _aالقصص العربية القصيرة
942 _2ddc
_cBK
999 _c29558
_d29558